Využitie anglického jazyka v ekonomických vedách

Vzdelávanie a odborná príprava, ktoré sú potrebné na dosiahnutie lisabonských cieľov členských krajín EÚ. Poslanie Fakulty aplikovaných jazykov Ekonomickej univerzity v Bratislave.

Salvato in:
Dettagli Bibliografici
Autore principale: Prividiová, Eva, 1952-
Altri autori: Veškrnová, Alžbeta
Natura: Capitolo di libro
Lingua:slovacco
Soggetti:
Tags: Aggiungi Tag
Nessun Tag, puoi essere il primo ad aggiungerne!!

MARC

LEADER 00000nla a2200000 4500
001 0186921
005 20240502073207.3
041 0 |a slo 
044 |a SK 
245 1 0 |a Využitie anglického jazyka v ekonomických vedách  |c Eva Prividiová, Alžbeta Veškrnová 
520 |a Vzdelávanie a odborná príprava, ktoré sú potrebné na dosiahnutie lisabonských cieľov členských krajín EÚ. Poslanie Fakulty aplikovaných jazykov Ekonomickej univerzity v Bratislave. 
610 2 0 |a univerzity 
610 2 0 |a školy vysoké 
610 2 0 |a vzdelávanie vysokoškolské 
610 2 0 |a výučba vedecká 
610 2 0 |a jazyky cudzie 
610 2 0 |a angličtina 
610 2 0 |a ekonómia 
610 2 0 |a globalizácia 
100 1 |a Prividiová, Eva, 1952- 
700 1 |a Veškrnová, Alžbeta